Lineamientos teóricos fundamentales de la inamovilidad judicial en México / (Record no. 72749)
[ view plain ]
| 000 -LEADER | |
|---|---|
| fixed length control field | 00620nam a22001697a 4500 |
| 008 - FIXED-LENGTH DATA ELEMENTS--GENERAL INFORMATION | |
| fixed length control field | 141202t mx||||| |||| 00| 0 spa d |
| 020 ## - INTERNATIONAL STANDARD BOOK NUMBER | |
| International Standard Book Number | 9786079544829 |
| 050 04 - LIBRARY OF CONGRESS CALL NUMBER | |
| Classification number | KGF3156 |
| Item number | A77 2011 |
| 100 1# - MAIN ENTRY--PERSONAL NAME | |
| Personal name | Arreola Vega, Fernando |
| 245 10 - TITLE STATEMENT | |
| Title | Lineamientos teóricos fundamentales de la inamovilidad judicial en México / |
| Statement of responsibility, etc | Fernando Arreola Vega. |
| 250 ## - EDITION STATEMENT | |
| Edition statement | 1a ed. |
| 260 ## - PUBLICATION, DISTRIBUTION, ETC. (IMPRINT) | |
| Place of publication, distribution, etc | Morelia, Michoacán, México : |
| Name of publisher, distributor, etc | Universidad La Salle Morelia ,: Consejo de la Ciudad Morelia, |
| Date of publication, distribution, etc | 2011 |
| 300 ## - PHYSICAL DESCRIPTION | |
| Extent | 267 p. ; |
| Dimensions | 23 cm. |
| 650 #7 - SUBJECT ADDED ENTRY--TOPICAL TERM | |
| Source of heading or term | Lemb |
| Topical term or geographic name as entry element | Poder judicial |
| Geographic subdivision | México |
| 650 #7 - SUBJECT ADDED ENTRY--TOPICAL TERM | |
| Source of heading or term | Lemb |
| Topical term or geographic name as entry element | Función judicial |
| Geographic subdivision | México |
| 942 ## - ADDED ENTRY ELEMENTS (KOHA) | |
| Source of classification or shelving scheme | Clasificación Decimal Dewey |
| Koha item type | Libro |
| Estado de pérdida | Fuente de clasificación | Estado del daño | No para préstamo | Ubicación permanente | Ubicación actual | Apartado o colección | Fecha de adquisición | Fuente de adquisición | Enumeración de Serie / Cronológica | Área del conocimiento | Clasificación | Código de Barras | Date last seen | Número de copia | Tipo de recurso |
|---|---|---|---|---|---|---|---|---|---|---|---|---|---|---|---|
| Biblioteca del Cogreso de los Estados Unidos | Biblioteca de la Facultad de Derecho y Ciencias Sociales "Felipe J. Tena" | Biblioteca de la Facultad de Derecho y Ciencias Sociales "Felipe J. Tena" | General | 02/12/2014 | BFD000005865 | KGF3156 A77 2011 | BFD000005865 | 16/01/2015 | 1 | Libro |